000 01475nam a22002057a 4500
008 240126e20240112xxk|||||o|||| 00| 0 eng d
041 _aeng
110 _aRoyal Institution of Chartered Surveyors
245 _aUK Residential Market Survey
_bDecember 2023
_h[Electronic resource]
260 _aLondon,
_bRoyal Institution of Chartered Surveyors,
_cJanuary 2024
300 _a17p
490 _aRICS UK Residential Market Survey
520 _aThe December 2023 RICS UK Residential Survey shows activity picking up, and an improvement on last month's figures as the trend towards lowered mortgage rates continues. Near-term sales expectations moved up a touch more positively, while the longer-term outlook illustrates a market moving out of negativity and into a flatter environment. The new buyer enquiries indicator registered a reading of -3% in December, up from the -13% result in November, approaching a flat reading. This is the fourth successive month recording a reduction in negative buyer enquiry activity, moving into neutral territory (between -5 % and +5%) for the first time since April 2022.
650 _aHOUSING MARKET
650 _aRESIDENTIAL PROPERTY
651 _aUnited Kingdom
710 _aRoyal Institution of Chartered Surveyors
856 _uhttps://www.rics.org/content/dam/ricsglobal/documents/market-surveys/uk-residential-market-survey/WEB_December_2023_RICS_UK_Residential_Market_Survey.pdf
_zAvailable free on RICS.org
942 _n0
999 _c121780
_d121780